00334nam a2200121Ia 4500008004100000041000800041082001500049100002000064245004400084260004500128300003200173365000700205240624s9999 xx 000 0 und d aeng a005.74 SAN aSANDERS ROGER E aDB2 UNIVERSAL DATABASE V8 CERTIFICATION c2005aNew DelhibPearson Education India axxiv, : 499 : p. : cm. ; 25 cRS